00666nam a22001817a 450000500170000001000150001702000270003203500140005903700130007308200100008610000200009624501470011626000350026327000810029830000390037950000460041870000200046420180801161800.0 aENG-123664 a9789386906410c3000.00 aEN-107196 bDBAD/PUB a230.3 aPlotkin, Leonid aNostalgia for eternity: cby Leonid Plotkin; forewarded by Wendy Donigerbjourneys in religion, history, and myth on the indian subcontinent / aNew Delhi bNiyogi Booksc2018 aBlock D, Building No. 77, Okhla Industrial Area, Phase-IbNew Delhi e110020 axii,365p. c27cm (Hb)bill.picture aIt includes notes, bibliography and index aDoniger, Wendy